000 00407nam a22001337a 4500
008 220610b |||||||| |||| 00| 0 eng d
020 _a9789949322978
082 _a398.22 SEO 2013
100 _aSeo, Jinseok
245 _aThe role of shamanism in Korean society in its inter- and intra-cultural contacts
260 _aTartu :
_bUniversity of Tartu Press,
_c2013.
300 _a201 p.
_c25 cm.
942 _2ddc
999 _c9012
_d9013